[Event "FRA-ch U12 Girls"]
[Site "Calvi"]
[Date "2005.04.23"]
[Round "8"]
[White "Neuhauser, Salome"]
[Black "Wehr, Margaux"]
[Result "1-0"]
[WhiteElo "1660"]
[BlackElo "1390"]
[PlyCount "85"]
[EventDate "2005.04.??"]
[EventType "swiss"]
[EventRounds "9"]
[EventCountry "FRA"]
[SourceTitle "EXT 2006"]
[Source "ChessBase"]
[SourceDate "2005.11.24"]
[SourceVersion "1"]
[SourceVersionDate "2005.11.24"]
[SourceQuality "1"]

1. e4 c5 2. Nc3 Nc6 3. f4 g6 4. Nf3 Bg7 5. Bb5 e6 6. Bxc6 bxc6 7. d3 d5 8. e5 Ne7 9. 0-0 0-0 10. Na4 Qa5 11. c4 Rb8 12. b3 Nf5 13. Bd2 Qd8 14. Qe1 f6 15. Ba5 Qe7 16. Bc3 Bd7 17. Bb2 Rfd8 18. Ba3 Ra8 19. Bxc5 Qf7 20. Qf2 Bh6 21. Nd4 fxe5 22. Nxf5 Qxf5 23. fxe5 Qxf2+ 24. Rxf2 Bg7 25. Bd6 Bf8 26. Bxf8 Rxf8 27. Rxf8+ Rxf8 28. Nc5 Bc8 29. Rf1 Rxf1+ 30. Kxf1 Kg7 31. Kf2 g5 32. g3 h5 33. h4 Kg6 34. cxd5 cxd5 35. d4 Kf5 36. Kf3 gxh4 37. gxh4 Kg6 38. Kf4 Kh6 39. b4 Kg6 40. a4 a6 41. b5 axb5 42. axb5 Kh6 43. b6 1-0

[Event "FRA-ch U12 Girls"]
[Site "Calvi"]
[Date "2005.04.21"]
[Round "6"]
[White "Wehr, Margaux"]
[Black "Lefevre, Margaux"]
[Result "0-1"]
[WhiteElo "1390"]
[BlackElo "1780"]
[PlyCount "72"]
[EventDate "2005.04.??"]
[EventType "swiss"]
[EventRounds "9"]
[EventCountry "FRA"]
[SourceTitle "EXT 2006"]
[Source "ChessBase"]
[SourceDate "2005.11.24"]
[SourceVersion "1"]
[SourceVersionDate "2005.11.24"]
[SourceQuality "1"]

1. e4 e6 2. d4 d5 3. e5 c5 4. c3 Qb6 5. Nf3 Nc6 6. Be2 cxd4 7. cxd4 Bd7 8. 0-0 Nh6 9. Nc3 Nf5 10. Na4 Qc7 11. b3 Be7 12. g4 Nh4 13. Nxh4 Bxh4 14. f4 Be7 15. Bb2 Rc8 16. Rc1 Qd8 17. Nc5 Qc7 18. f5 exf5 19. gxf5 Bg5 20. Rc3 0-0 21. Rff3 Be7 22. Rc2 Nxe5 23. dxe5 Bxc5+ 24. Kh1 Qb6 25. Qd3 Qb4 26. Rf1 Rfe8 27. Qg3 Qe4+ 28. Bf3 Qxc2 29. f6 Qg6 30. Qh4 Bb5 31. Rd1 gxf6 32. exf6 Kf8 33. a4 Be2 34. Bxe2 Rxe2 35. Qh3 Qe4+ 36. Qg2 Qxg2# 0-1

[Event "France-ch U10 Girls"]
[Site "Reims"]
[Date "2004.04.19"]
[Round "3"]
[White "Wehr, Margaux"]
[Black "Mencacci, Tiphanie"]
[Result "0-1"]
[WhiteElo "1450"]
[BlackElo "1360"]
[PlyCount "96"]
[EventDate "2004.04.??"]
[EventType "swiss"]
[EventRounds "9"]
[EventCountry "FRA"]
[SourceTitle "EXT 2005"]
[Source "ChessBase"]
[SourceDate "2004.11.15"]
[SourceVersion "1"]
[SourceVersionDate "2004.11.15"]
[SourceQuality "1"]

1. e4 e5 2. Nf3 Nc6 3. d4 exd4 4. Bc4 Nf6 5. e5 d5 6. Bb5 Ne4 7. Nxd4 Bc5 8. Bxc6+ bxc6 9. 0-0 Bd7 10. Be3 0-0 11. Nd2 Nxd2 12. Qxd2 Qh4 13. Nf3 Qb4 14. Bxc5 Qxc5 15. Rfe1 Bf5 16. Nd4 Bd7 17. e6 Bxe6 18. Nxe6 fxe6 19. Rxe6 Rf5 20. Rc1 Raf8 21. Qe3 d4 22. Qd2 Rg5 23. c3 Qd5 24. g3 Qxe6 25. Qxg5 dxc3 26. bxc3 Qxa2 27. Re1 Qxf2+ 28. Kh1 Qxe1+ 29. Kg2 Qf2+ 30. Kh3 Qf5+ 31. Qxf5 Rxf5 32. Kg4 Rc5 33. Kf4 a5 34. Ke4 a4 35. Kd4 a3 36. Kxc5 a2 37. Kxc6 a1Q 38. Kxc7 Qxc3+ 39. Kd6 Kf7 40. h4 Qd4+ 41. Kc6 Ke7 42. Kb5 Qc3 43. h5 Kd6 44. g4 Qc5+ 45. Ka4 Qb6 46. Ka3 Kc5 47. g5 Kc4 48. Ka2 Kc3 0-1